| 000 -ლიდერი |
| ფიქსირებული სიგრძის საკონტროლო ველი |
01023nam a22002177a 4500 |
| 003 - საკონტროლო ნომრის იდენტიფიკატორი |
| საკონტროლო ველი |
Ge_BSU |
| 005 - ბოლო ოპერაციის თარიღი და დრო |
| საკონტროლო ველი |
20241028114901.0 |
| 008 - ფიქსირებული სიგრძის მონაცემთა ელემენტები - ზოგადი ინფორმაცია |
| ფიქსირებული სიგრძის საკონტროლო ველი |
241028s1980 ge ||||| |||| 00| 0 geo d |
| 041 ## - ენის კოდი |
| Language code of text/sound track or separate title |
geo |
| 080 ## - უნივერსალური ათობითი კლასიფიკაციის ინდექსი |
| Universal Decimal Classification number |
615:54(075.8) მ-94 |
| 100 ## - მთავარი ჩანაწერი - პიროვნების სახელი |
| Personal name |
მშვიდობაძე, ა. |
| 9 (RLIN) |
23524 |
| 245 ## - ცნობა სათაურის შესახებ |
| Title |
ფარმაცევტული ქიმიის კურსი : |
| Remainder of title |
[სახელმძღვ. სამედ. ინ-ტის სტუდენტებისათვის] / |
| Statement of responsibility, etc |
ა. მშვიდობაძე ; რედ. გ. ჭუმბურიძე |
| 255 ## - კარტოგრაფიული მათემატიკური მონაცემები |
| Statement of scale |
მე-3 გადამუშ. და შევს. გამოც. |
| 264 ## - წარმოების, გამოცემის, დისტრიბუციის და სხვა ცნობები |
| გამოცემის, წარმოების, დისტრიბუციის... ადგილი |
თბილისი: |
| გამოცემის, წარმოების, დისტრიბუციის... სახელწოდება |
განათლება, |
| გამოცემის, წარმოების, დისტრიბუციის... თარიღი |
1980. |
| 300 ## - ფიზიკური აღწერა |
| Extent |
519 გვ. ; |
| Other physical details |
22 სმ. |
| 653 ## - INDEX TERM--UNCONTROLLED |
| Uncontrolled term |
ფარმაცევტული ქიმია |
| 653 ## - INDEX TERM--UNCONTROLLED |
| Uncontrolled term |
მედიცინა |
| 653 ## - INDEX TERM--UNCONTROLLED |
| Uncontrolled term |
ქიმია |
| 700 ## - ADDED ENTRY--PERSONAL NAME |
| Personal name |
ჭუმბურიძე, გ |
| Relator term |
რედაქტორი |
| 9 (RLIN) |
23525 |
| 942 ## - ADDED ENTRY ELEMENTS (KOHA) |
| Source of classification or shelving scheme |
|
| Koha item type |
წიგნი |